| 000 | 00421nam a2200181Ia 4500 | ||
|---|---|---|---|
| 001 | 20620 | ||
| 005 | 20260306172819.0 | ||
| 008 | 260306t2020||||xx |||||||||||||| ||spa|| | ||
| 041 | _aESP | ||
| 082 |
_a343.6 _bA47 |
||
| 100 |
_aAlva Matteucci, Mario _eAUT |
||
| 245 | 0 | _aManual tributario 2020 | |
| 260 | _c2020 | ||
| 300 |
_a638 páginas : _c25 cm. |
||
| 650 | _aGEN | ||
| 654 | _aCDE | ||
| 942 |
_cLIB _dJUS _fJUS _2ddc _n |
||
| 999 |
_c20620 _d20620 |
||